00515nam a22001817a 450000500170000000800410001702000180005804000210007604100080009708200170010510000320012224500750015425000110022926000300024030000100027065000220028070000310030220250226081453.0250226b |||||||| |||| 00| 0 eng d a9789358496109 aIN-DiNCcIN-DiNC deng a301.092bBHU aBhuyan, Dilip Kumareauthor aSociological Thinkers-II/cby Dilip Kumar Bhuyan and Moushumi Bordoloi a1st ed aDibrugarhbBanalatac2024 a212p. aPolitical Science aBordoloi, Moushumieauthor